Технологическая модернизация - основа повышения конкурентоспособности радиоэлектронной промышленности: материалы IX отраслевой научно-технической конференции, 14-16 сентября 2010 г. г. Томск

Podrobná bibliografie
Korporace: Научно-исследовательский институт полупроводниковых приборов, Технологическая модернизация - основа повышения конкурентоспособности радиоэлектронной промышленности научно-техническая конференция
Shrnutí:Город Томск был выбран для проведения этой конференции не случайно . Томск является одним из наиболее интеллектуальных промышленных регионов страны с очень высоким показателем концентрации научных и интеллектуальных ресурсов. Он известен в России не только как научно-образовательный центр, но и как город инновационных проектов, город, в котором широко используются современные наукоемкие радиоэлектронные технологии в разработках новых промышленных изделий. ОАО «НИИПП» - одно из передовых предприятий не только в Томской области, но и в России. На предприятии ведутся разработки изделий на сложных полупроводниковых структурах и материалах, которые предприятие не только разрабатывает, но и производит, создаются новые классы приборов. К ним относятся СВЧ приборы, функционально законченные системы и модули, оптоэлектронные и светотехнические изделия. Совместно с ОАО «Российская электроника» планируется строительство в Томске завода по выпуску светотехнических изделий. На конференции были проанализированы состояние, перспективы внедрения и развития различных радиоэлектронных технологий. Была подчеркнута необходимость комплексного (технического, технологического, информационного, кадрового) перевооружения предприятий, как основы повышения конкурентоспособности их продукции. Была подчеркнута роль предприятий радиоэлектронной промышленности в модернизации экономики России.
Jazyk:ruština
Vydáno: Томск, ИД СК-С, 2010
Témata:
Médium: MixedMaterials Kniha
KOHA link:https://koha.lib.tpu.ru/cgi-bin/koha/opac-detail.pl?biblionumber=195961

MARC

LEADER 00000nam0a2200000 4500
001 195961
005 20231101224647.0
010 |a 9785904255145 
035 |a (RuTPU)RU\TPU\book\213778 
090 |a 195961 
100 |a 20110517d2010 k y0rusy50 ca 
101 0 |a rus 
102 |a RU 
105 |a a z 101zy 
200 1 |a Технологическая модернизация - основа повышения конкурентоспособности радиоэлектронной промышленности  |e материалы IX отраслевой научно-технической конференции, 14-16 сентября 2010 г. г. Томск   |f Научно-исследовательский институт полупроводниковых приборов 
210 |a Томск  |c ИД СК-С  |d 2010 
215 |a 388 с.  |c ил. 
320 |a Библиография в конце докладов. 
330 |a Город Томск был выбран для проведения этой конференции не случайно . Томск является одним из наиболее интеллектуальных промышленных регионов страны с очень высоким показателем концентрации научных и интеллектуальных ресурсов. Он известен в России не только как научно-образовательный центр, но и как город инновационных проектов, город, в котором широко используются современные наукоемкие радиоэлектронные технологии в разработках новых промышленных изделий. ОАО «НИИПП» - одно из передовых предприятий не только в Томской области, но и в России. На предприятии ведутся разработки изделий на сложных полупроводниковых структурах и материалах, которые предприятие не только разрабатывает, но и производит, создаются новые классы приборов. К ним относятся СВЧ приборы, функционально законченные системы и модули, оптоэлектронные и светотехнические изделия. Совместно с ОАО «Российская электроника» планируется строительство в Томске завода по выпуску светотехнических изделий. На конференции были проанализированы состояние, перспективы внедрения и развития различных радиоэлектронных технологий. Была подчеркнута необходимость комплексного (технического, технологического, информационного, кадрового) перевооружения предприятий, как основы повышения конкурентоспособности их продукции. Была подчеркнута роль предприятий радиоэлектронной промышленности в модернизации экономики России. 
606 1 |a Радиоэлектронная промышленность  |x Научно-исследовательская работа  |2 stltpush  |3 (RuTPU)RU\TPU\subj\23545  |9 48122 
610 1 |a конкурентоспособность 
610 1 |a технологическая модернизация 
610 1 |a микросхемы 
610 1 |a радиоэлектронное производство 
610 1 |a инновации 
610 1 |a инвестиции 
610 1 |a реконструкция 
610 1 |a техническое перевооружение 
610 1 |a радиоэлектронная аппаратура 
610 1 |a приоритетные направления 
610 1 |a радиолокация 
610 1 |a Россия 
610 1 |a продукция 
610 1 |a качество 
610 1 |a надежность 
610 1 |a наукоемкие технологии 
610 1 |a конференции 
675 |a 621.396.6.002(063)  |v 3 
712 0 2 |a Научно-исследовательский институт полупроводниковых приборов  |2 stltpush  |3 (RuTPU)RU\TPU\col\5903  |9 24168 
712 0 1 |a Технологическая модернизация - основа повышения конкурентоспособности радиоэлектронной промышленности  |b научно-техническая конференция  |d 9  |e Томск  |f 2010 
801 1 |a RU  |b 63413507  |c 20110517 
801 2 |a RU  |b 63413507  |c 20130718  |g RCR 
942 |c BK